000 00846nam a2200253 i 4500
001 14374
003 ES-MaACL
005 20250611063058.0
007 t|
008 990304s1998 sp ||||1| spa d
020 _a84-08-02739-5
080 _a326"1440/1870"(091)
100 1 _aThomas, Hugh,
_d1931-2017
_9110019
245 1 3 _aLa trata de esclavos
_b: historia del tráfico de seres humanos de 1440 a 1870 /
_cHugh Thomas ; traducción de Víctor Alba y C. Boune.
260 _aBarcelona :
_bPlaneta,
_c[1998]
300 _a898 p., [32] p. de lám. ;
_c23 cm.
490 1 _aColección Documento
650 4 _aEsclavitud-
_xHistoria.
_912361
700 1 _aAlba, Víctor.
_919198
700 1 _aBoune, C.
_930935
830 0 _aColección Documento
_9179817
852 _aES-MaACL
_jL-21647
_bR.127088
999 _c14374
_d14374